LEADER 00674oas 2200241z- 450 001 996336744603316 005 20180409165513.0 035 $a(CKB)110978984449403 035 $a(MiAaPQ)50788 035 $a(EXLCZ)99110978984449403 100 $a20160620cuuuuuuuu -u- - 101 0 $aara 200 00$aGulf Construction 210 $a[Manama], Bahrain$cAgencia EFE S.A 311 $a1560-0416 606 $aEngineering$xCivil Engineering 606 $aEngineering$xArchitecture 615 4$aEngineering$xCivil Engineering 615 4$aEngineering$xArchitecture 906 $aJOURNAL 912 $a996336744603316 996 $aGulf Construction$92156868 997 $aUNISA